Ferrous production metallurgy

Guardat en:
Dades bibliogràfiques
Autor principal: Peters, A. T.
Format: Llibre
Idioma:Undetermined
Publicat: New York John Wiley and Sons 1982
Matèries:
Etiquetes: Afegir etiqueta
Sense etiquetes, Sigues el primer a etiquetar aquest registre!
Thư viện lưu trữ: Trung tâm Học liệu Trường Đại học Cần Thơ
LEADER 00509nam a2200193Ia 4500
001 CTU_80815
008 210402s9999 xx 000 0 und d
082 |a 669.1 
082 |b P481 
100 |a Peters, A. T. 
245 0 |a Ferrous production metallurgy 
245 0 |c A. T. Peters 
260 |a New York 
260 |b John Wiley and Sons 
260 |c 1982 
650 |a Iron,Steel 
650 |x Metallurgy,Metallurgy 
904 |i Trọng Hải 
980 |a Trung tâm Học liệu Trường Đại học Cần Thơ